000 00746cab a2200265 4500
001 X1790
008 090401t1995 xxu||||| |||| 00| 0 eng d
035 _a(Sirsi) u19301
041 _aeng
245 _aRapid changes in the professional workplace a major challenge for CPD
260 _c1995
350 _a0
490 _aCSM (Chartered Surveyor Monthly)
_v4(3) January 1995, 3(1)
650 _aAPC
_96216
650 _aCPD
650 _aCAREERS, EDUCATION AND TRAINING
650 _aEXPANSION
650 _aINVESTMENT IN TRAINING
650 _aINVESTORS IN PEOPLE
650 _aSURVEYING PRACTICES
650 _aWORKSHOP
690 _aMANAGEMENT-BUSINESS MANAGEMENT-PROFESSIONAL PRACTICE
942 _n0
948 _c04/03/1997
999 _c12872
_d12872